000 00457nam a2200157Ia 4500
008 191130s1986##################000#0#eng##
040 _aACL
_cACL
082 _a582.13095487 FYS
100 _aFyson, P. F
245 _aThe flora of the South Indian hill stations
_cP.F. Fyson
260 _aDehra Dun
_bBishen Singh Mahendra Pal Singh
_c1986
300 _a611 p. : ill
990 _a8040e172ac10000c4ca0a9429f97c6b7
991 _a193814
999 _c410352
_d410352